000 00397nam a2200145Ia 4500
008 231129s2009||||xx |||||||||||||| ||spa||
020 _a978-958-99214-0-1
040 _bspa
082 _a631 D948a
100 _aDurán Ramí­rez Felipe
245 0 _aAgricultura orgánica urbana
260 _c2009
264 _aFundación Volvamos al campo
942 _2ddc
_cBKS
999 _c1036
_d1036